000 01279cam a22003497a 4500
003 CHAP
005 20220817041322.0
008 971013s1986 r 00010 d
010 _a11171
011 _a12143
035 _a14317
040 _cCHAP
090 _aTesis
100 0 0 _aFrausto Reyes, Jorge.
_943077
245 1 3 _aEl uso del levantamiento fisiográfico en la generación de líneas de investigación agropecuaria
_c/ Un ejemplo con el Sistema terrestre 'El Valle' del Plan Nichixtlán, Oax.
260 _aChapingo, Méx. :
_bEl autor,
_c1986
300 _a84 h. apénd. ilus.
502 _aTesis (Ing. Agrónomo Esp. en Suelos) -- UACH. Departamento de Suelos88-184
590 _aALEPH
_b10
_c20130110
_lUCH01
_h1228
590 _aBATCH-UPD
_b10
_c20130110
_lUCH01
_h1145
590 _aBATCH-UPD
_b10
_c20130410
_lUCH01
_h0731
590 _aBATCH-UPD
_b10
_c20130914
_lUCH01
_h0048
590 _aCONVERSION
_b10
_c20130109
_lUCH01
_h1307
650 1 4 _aAgricultura
_xOaxaca.
_91756
650 1 4 _aLevantamiento fisiográfico
_xOaxaca.
_966414
710 0 _aUACH. Departamento de Suelos.
901 _aBK
942 _cFOLL
949 _bBC
_cTES
_d-145047
_eTS1
_i14317
_si
949 _bBC
_cTES
_d-145048
_eTS2
_fc.2
_i14317
_si
949 _bS
_cTESBD
_d-26456
_eTS1
_i14317
_si
999 _c11171
_d11171